Statistics for Geography Multiple-Choice #1

Click here to take the quiz!

General Stats

  • This quiz has been taken 30 times
  • The average score is 8 of 10

Answer Stats

QuestionAnswer% Correct
What is the biggest country (by area) in the world?Russia
96%
What is the capital of China?Beijing
92%
What ocean borders Pakistan?Indian
92%
What is the capital of Turkey?Ankara
84%
What is predicted to be the most populous country in the world by 2050?India
84%
Which major river lies between the US-Mexico border?Rio Grande
84%
What is the capital of India?New Delhi
80%
What is the most populous city in the US?New York City
80%
Which country in South America has two capitals?Bolivia
68%
How many countries are in Europe?44
20%

Score Distribution

Percentile by Number Answered

Percent of People with Each Score

Your Score History

You have not taken this quiz